Random Countries Facts #1 - Statistics

General Stats
  • This quiz has been taken 31 times
  • The average score is 9 of 20
Answer Stats
Clue Country % Correct
Majority of Amazon Rainforest lies here Brazil
100%
This country has no mosquitoes Iceland
88%
Longest country in the world Chile
81%
Country place of Machu Picchu Peru
81%
Birthplace of Picasso Spain
62%
Birthplace of bubble tea Taiwan
62%
Served as the penal colony for Britain at around 1800s Australia
50%
Home to the komodo dragon Indonesia
50%
Only Asian country to have won all four major international beauty pageant titles (Miss Universe, Miss World, Miss International, and Miss Earth) Philippines
50%
Birthplace of Buddha Nepal
46%
Has the most elephants in the world Botswana
38%
Birthplce of Hawaiian pizza, a pizza with pineapple Canada
38%
Only Spanish-speaking country in Africa Equatorial Guinea
38%
Main place to be considered the birthplace of coffee Ethiopia
31%
Held the first ever Formula 1 race United Kingdom
27%
Sits on 4 different tectonic plates. Japan
12%
Main place where u can find the aldabra giant tortoise Seychelles
8%
The capital city name refers to the severe winds and snowstorms. Azerbaijan
0%
Has a voting system using marbles Gambia
0%
Trees cover half of this country Singapore
0%
No matching quizzes found
Score Distribution
Percent of People with Each Score
Percentile by Number Answered
Your Score History
You have not taken this quiz